000 00787nam a2200241 i 4500
001 5849
003 ES-MaACL
005 20231215062943.0
007 t|
008 890531s1988 sp ||||1| spa d
020 _a84-85354-22-2
080 _a83-34"17/18"
080 _a087.5
100 1 _aFouqué, Friedrich de La Motte (
_d1777-1843)
_9159711
245 1 3 _aLa caja mágica /
_cBaron F. De la Motte Fouque ; prólogo y traducción de Carmen Bravo-Villasante.
260 _aPalma de Mallorca :
_bJosé J. de Olañeta,
_cD.L. 1988.
300 _a54 p. ;
_c17 cm.
490 1 _aLos jóvenes bibliófilos ;
_v6
700 1 _aBravo-Villasante, Carmen,
_d1918-1994
_931507
830 1 _aLos jóvenes bibliófilos ;
_v6
_9177368
852 4 _aES-MaACL
_jL-12987
999 _c5849
_d5849